'G' Books by Opening Lines Quiz Stats

 Plays Quiz Updated Apr 14, 2015

Challenge
Share
Tweet
Embed
Score 0/20 Timer 06:00
5 Plays Today
% Correct
Gone With the Wind
95.2%
Great Expectations
84.8%
Gorillas in the Mist
80.8%
The Green Mile
73.4%
The Grapes of Wrath
71.8%
A Game of Thrones
65.6%
The Godfather
56.7%
The Golden Compass
56%
The Great Gatsby
54.1%
The Good Earth
39.7%
% Correct
Go Tell It On the Mountain
33.9%
The Girl With the Dragon Tattoo
32.6%
Gravity's Rainbow
31.8%
Girl With a Pearl Earring
23.5%
Giles Goat-Boy
23.4%
The God of Small Things
23%
Good Omens
20.6%
The Glass Castle
19.6%
Go Ask Alice
15.2%
The Glass Bead Game
12.2%

You're not logged in!

Compare scores with friends on all Sporcle quizzes.
OR
Log In

You Might Also Like...

Show Comments

Extras

Top Quizzes Today


Score Distribution

Your Account Isn't Verified!

In order to create a playlist on Sporcle, you need to verify the email address you used during registration. Go to your Sporcle Settings to finish the process.

Report this User

Report this user for behavior that violates our Community Guidelines.

Details: